| 000 | 00934nam a2200301 a 4500 | ||
|---|---|---|---|
| 003 | AR-BaBNM | ||
| 005 | 20251128205551.0 | ||
| 008 | 082120s2002 ||||||||||||||000 | spa|| | ||
| 040 | _cAR-BaBNM | ||
| 100 | 1 | _aWellek, Rene | |
| 245 | 0 | 0 |
_aHistoria de la crítica moderna _b1750-1950 : la segunda mitad del siglo XVIII. 1 |
| 260 |
_aMadrid _bGredos _c1959 |
||
| 300 | _a394 p. | ||
| 490 | 0 |
_aBiblioteca románica hispánica. Tratados y monografías _vv. 9 |
|
| 500 | _aContiene referencias bibliográficas en p. 298 | ||
| 500 | _aIndice de nombres propios en p. 381 | ||
| 500 | _aIndice de materias en p. 389 | ||
| 650 | 4 | _aCRITICA LITERARIA | |
| 650 | 4 | _aHISTORIA LITERARIA | |
| 650 | 4 | _aFILOSOFIA LITERARIA | |
| 650 | 4 | _aFILOSOFOS | |
| 653 | _aNEOCLASICISMO | ||
| 655 | _aLITERATURA | ||
| 700 | 1 |
_aCayol de Bethencourt, J.C. _etraductor |
|
| 800 | 1 |
_aAlonso, Dámaso _edirector |
|
| 942 | _cBK | ||
| 998 | _cMARTIN | ||
| 999 |
_c11927 _d11927 |
||